000 00627nam a2200205Ia 4500
003 GCL
008 140319s9999 xx 000 0 ara d
040 _aGCL /
_cGCL
082 0 4 _a330.962
_bر ق
100 1 _aرمزى زكى
245 1 0 _aقضايا مزعجة مقالات مبسطة فى مشكلاتنا الاقتصادية المعاصرة /
_cرمزى زكى
260 _a[S.N] :
_bمكتبة مدبولى ،
_c1993
300 _a293 ص
490 _a
650 0 4 _aمصر
650 0 4 _aالشرق الاوسط
650 0 4 _aالاحوال الاقتصادية
650 0 4 _aالبطالة
942 _2ddc
_cBK
999 _c42995
_d42995